Harry Potter characters by first line in movies Quiz Stats

Quiz not verified by Sporcle

Challenge
Share
Tweet
Embed
Score 0/113 Timer 15:00
0 Plays Today
Lines Characters % Correct
''He's not Fred, I am''George Weasley
69.4%
''Wake up, cousin! We're going to the zoo!''Dudley Dursley
68.2%
''Yes, Aunt Petunia''Harry Potter
67.8%
''I'm Moaning Myrtle''Moaning Myrtle
67.8%
''Remus? Sirius. My old friends!''Peter Pettigrew
67.2%
''Has anyone seen a toad?''Hermione Granger
66.5%
''Honestly woman, you call yourself our mother?''Fred Weasley
66.2%
''Use the boy''Lord Voldemort
66.2%
''Here, eat this. It'll help''Remus Lupin
66.2%
''Trevor!''Neville Longbottom
65.6%
''Excuse me. Do you mind? Everywhere else is full''Ronald Weasley
65.3%
''Oh, that's Professor Snape. Head of Slytherin house''Percy Weasley
63.8%
''Password?''Fat Lady
63.8%
''Now, now, Draco, play nicely''Lucius Malfoy
63.6%
''There will be no foolish wand-waving or silly incantations in this class''Severus Snape
63.5%
''I should've known that you would be here, Professor McGonagall''Albus Dumbledore
62%
''Quidditch is easy enough to understand''Oliver Wood
61.3%
''It's true then, what they're saying on the train''Draco Malfoy
61%
''Hey look, Neville's got a Remembrall''Dean Thomas
61%
''Harry, when the connection is broken, you must get to the Portkey''James Potter
60.7%
''Right then, right. Gryffindor!''Sorting Hat
60.2%
''I'm half and half''Seamus Finnigan
60.2%
''One of a wizard's most rudimentary skills is levitation or the ability to make objects fly''Filius Flitwick
60.1%
''Welcome to the Knight Bus emergency transport for the stranded witch and wizard''Stan Shunpike
60.1%
''Viens! Viens! Allez, c'est fini, viens, donne ta main''Fleur Delacour
59.8%
''It's the same every year, packed with Muggles of course''Molly Weasley
58.5%
''He knows how to play. Itty, bitty baby, Potter''Bellatrix Lestrange
58%
''Vault 687''Griphook
57.7%
''Hello and welcome to Hogwarts' first Quidditch game of the season''Lee Jordan
57.4%
''Does it hurt terribly, Draco?''Pansy Parkinson
57.4%
''I wondered when I'd be seeing you, Mr Potter''Mr Ollivander
57.1%
''No. Only one will die tonight''Sirius Black
56.1%
''Hermione. Tea's ready, darling''Mrs Granger
55.9%
''Professor Dumbly-dorr, my horses have traveled a long way''Olympe Maxime
55%
''Ah, Hagrid! The usual, I presume?''Tom
54.7%
''Happy birthday, son''Vernon Dursley
53.6%
''Professor Dumbledore, sir, Professor McGonagall''Rubeus Hagrid
53.1%
''Up. Get up! Now!''Petunia Dursley
52.8%
Lines Characters % Correct
''Hi, Ron''Lavender Brown
52.8%
''Let go. Sweetheart, you're ready''Lily Potter
52.1%
''Morning, Weasleys''Arthur Weasley
51.9%
''It'd be a lot better if the Ministry wasn't sending Dementors into my pub every other night!''Madam Rosmerta
51.3%
''Merlin's beard. You don't need to disfigure me Albus''Horace Slughorn
51.3%
''Two Pumpkin Pasties, please''Cho Chang
49.9%
''Very clean, these Muggles''Nymphadora Tonks
48.7%
''Don't put away your wand, Harry''Arabella Figg
47.5%
''Bad business, Hagrid, very bad business''Cornelius Fudge
47.3%
''I will not disappoint you, my Lord''Bartemius Crouch Jr
47.2%
''Harry Potter. Can't tell you how pleased I am to meet you''Quirinus Quirrell
47%
''Don't you look... dashing''Padma Patil
46.6%
''Good luck''Ginevra Weasley
46.1%
''You're not going mad''Luna Lovegood
46%
''Severus. Severus, please''Charity Burbage
46%
''Which of you conjured it?''Bartemius Crouch Sr
45.8%
''Hello Tom. I knew you would come one day, but surely you must know I no longer have what you seak''Gellert Grindelwald
45.4%
''Good evening, Professor Dumbledore''Minerva McGonagall
45.3%
''Mudblood, werewolf, traitors, thieves''Kreacher
45%
''Harry Potter, such an honor it is''Dobby
44.7%
''The Dark Lord trust him''Narcissa Malfoy
43.8%
''Mary? Who's that?''Reginald Cattermole
43.8%
''It can't be, Harry Potter?''Gilderoy Lockhart
43.5%
''Gnome saliva is very beneficial''Xenophilius Lovegood
43.2%
''Yes... yes... Reg?''Mary Cattermole
43.2%
''Anyone here, my sweet?''Argus Filch
42.7%
'Riddikulus!'''Parvati Patil
40.8%
''To the ball? Yeah, all right''Angelina Johnson
40.8%
''I heard different, my Lord''Yaxley
40.4%
''These are dark time, there is no denying''Rufus Scrimgeour
40.2%
''Good afternoon, class''Rolanda Hooch
39.6%
''What are you playing at?''Justin Finch-Fletchley
39.6%
''Anything off the trolley, dears?''The Trolley Lady
38.9%
''Welcome, my children''Sybill Trelawney
38%
''Albus!''Igor Karkaroff
37.1%
''Dementors? In Little Whinging?''Amelia Bones
36.5%
''Who is it? Hagrid? Is that you?''Aragog
36.4%
''Come. Come to me''Basilisk
36.2%
Lines Characters % Correct
''No hard feelings Weasley, all right?''Cormac McLaggen
36.1%
''Katie, you don't know what it could be!''Leanne
35.9%
''Arthur!''Amos Diggory
35.6%
''What a charismatic quartet''Rita Skeeter
35.6%
''Hi, Harry''Colin Creevey
35.3%
''Don't despair, Elphias''Muriel Prewett
35%
''Mr Malfoy, stop making such a fuss''Poppy Pomfrey
33.8%
''I'm sure I must have misunderstood you, Professor''Dolores Umbridge
33.7%
''Dumbledore persuaded the minister to suspend your expulsion pending a formal hearing''Kingsley Shacklebolt
33.2%
''One hears many things, my Lord''Pius Thicknesse
32.6%
''Technically, I've been coerced''Mundungus Fletcher
32.2%
''Oh, you're still here, are you?''Marjorie Dursley
30.7%
''Harry Potter, you must leave''Firenze
30.4%
''You have no business here''Viktor Krum
29.7%
''Bloody kids!''Frank Bryce
29.5%
''I'm sorry, Albus''Alastor Moody
29.5%
''Parcel for you, Mr Weasley''Nigel Wespurt
28.2%
''It was stolen from me''Gregorovitch
26.3%
''He doesn't have the stomach, just like his father''Fenrir Greyback
26%
''Don't know, him and Dad don't get on''Marcus Belby
25.8%
''Sir, you haven't told us what's in that one''Katie Bell
25.1%
''Morning, everyone''Pomona Sprout
24.5%
''If Potter could tell us more about how Diggory got killed''Michael Corner
24.2%
''Mr Potter. By all means. Here''Elphias Doge
24%
''I must admit some confusion from receiving your letter, Mr Dumbledore''Mrs Cole
20%
''What's that? What's that smell?''Scabior
18.2%
''Hello, Harry''William Weasley
17.4%
''Hello! How are you?''Sir Nicholas de Mimsy-Porpington
17.2%
''Like the badge?''Ernie Macmillan
17.2%
''Yes, sir''Cedric Diggory
15.9%
''Stand still! Stand still!''Gregory Goyle
11.7%
''Expulsio!''Antonin Dolohov
11.6%
''Cool!''Vincent Crabbe
11.4%
''Why?''Zacharias Smith
10.8%
''Matey, come back here''Aberforth Dumbledore
10.7%
''Don't know''Blaise Zabini
9.9%
''Give me that!''Marcus Flint
8.6%

You're not logged in!

Compare scores with friends on all Sporcle quizzes.
Sign Up with Email
OR
Log In

You Might Also Like...

Show Comments

Extras

Top Quizzes Today


Score Distribution

Your Account Isn't Verified!

In order to create a playlist on Sporcle, you need to verify the email address you used during registration. Go to your Sporcle Settings to finish the process.